00804cam a2200241 a 450000500170000000800390001702000150005604100080007108200200007910000360009924500470013525000220018230000420020449000530024665000290029965000460032865000330037426400320040733600270043933700330046633800280049904000350052720220316235839.0020607s1999 ck a gr 000 0 spa a95863327560 aspa04a972.018 bL81a 1 aLucena Salmoral, Manueld1933- 10aAsí vivían los aztecas cManuel Lucena aPrimera edición a96 páginas bilustraciones c20 cm0 aBiblioteca básica de historia : vida cotidiana14aAztecas xHistoria2LEMB14aAztecas xVida social y costumbres 2LEMB14aIndígenas mexicanos 2LEMB aBogotá bRei Andes c1999 atextobtxt2rdacontent asin mediaciónbn2rdamedia avolumenbnc2rdacarrier aCO-BoRNBPbspaerdacCO-BoRNBP